The vampire Lestat / (Record no. 2950)

MARC details
000 -LEADER
fixed length control field 01338cam a22003493a 4500
001 - CONTROL NUMBER
control field 2950
003 - CONTROL NUMBER IDENTIFIER
control field FISKH
005 - DATE AND TIME OF LATEST TRANSACTION
control field 20240625140645.0
008 - FIXED-LENGTH DATA ELEMENTS--GENERAL INFORMATION
fixed length control field 861003t19861985nyu 000 1 eng d
010 ## - LIBRARY OF CONGRESS CONTROL NUMBER
LC control number 2002554925
Canceled/invalid LC control number 85040123
020 ## - INTERNATIONAL STANDARD BOOK NUMBER
International Standard Book Number 0345313860 :
035 ## - SYSTEM CONTROL NUMBER
System control number (OCoLC)ocm14338447
040 ## - CATALOGING SOURCE
Original cataloging agency MLN
Transcribing agency MLN
Modifying agency IXA
-- UOK
-- GFK
-- OCL
-- DLC
-- FISKH
Language of cataloging eng
042 ## - AUTHENTICATION CODE
Authentication code lccopycat
050 00 - LIBRARY OF CONGRESS CALL NUMBER
Classification number PS3568.I265
082 ## - DEWEY DECIMAL CLASSIFICATION NUMBER
Classification number 813.54
100 1# - MAIN ENTRY--PERSONAL NAME
Personal name Rice, Anne,
Dates associated with a name 1941-2021.
245 14 - TITLE STATEMENT
Title The vampire Lestat /
Statement of responsibility, etc. Anne Rice.
250 ## - EDITION STATEMENT
Edition statement 2010 Ballantine Books Mass Market edition
260 ## - PUBLICATION, DISTRIBUTION, ETC.
Place of publication, distribution, etc. New York :
Name of publisher, distributor, etc. Ballantine Books,
Date of publication, distribution, etc. 1985
300 ## - PHYSICAL DESCRIPTION
Extent 550 pages ;
Dimensions 18 cm.
490 1# - SERIES STATEMENT
Series statement The vampire chronicles ;
Volume/sequential designation book 2
500 ## - GENERAL NOTE
General note Sequel to: Interview with the vampire, and is followed by: The Queen of the damned.
650 #0 - SUBJECT ADDED ENTRY--TOPICAL TERM
Topical term or geographic name entry element Vampires
Form subdivision Fiction.
655 #7 - INDEX TERM--GENRE/FORM
Genre/form data or focus term Horror fiction.
Source of term gsafd
800 1# - SERIES ADDED ENTRY--PERSONAL NAME
Personal name Rice, Anne,
Dates associated with a name 1941-2021.
Title of a work Vampire chronicles ;
Volume/sequential designation bk. 2.
856 41 - ELECTRONIC LOCATION AND ACCESS
Materials specified Sample text
Uniform Resource Identifier <a href="http://www.loc.gov/catdir/samples/random042/2002554925.html">http://www.loc.gov/catdir/samples/random042/2002554925.html</a>
856 42 - ELECTRONIC LOCATION AND ACCESS
Materials specified Publisher description
Uniform Resource Identifier <a href="http://www.loc.gov/catdir/description/random045/2002554925.html">http://www.loc.gov/catdir/description/random045/2002554925.html</a>
856 42 - ELECTRONIC LOCATION AND ACCESS
Materials specified Contributor biographical information
Uniform Resource Identifier <a href="http://www.loc.gov/catdir/enhancements/fy0703/2002554925-b.html">http://www.loc.gov/catdir/enhancements/fy0703/2002554925-b.html</a>
906 ## - LOCAL DATA ELEMENT F, LDF (RLIN)
a 7
b cbc
c copycat
d 2
e opcn
f 20
g y-genrareb
942 ## - ADDED ENTRY ELEMENTS (KOHA)
Source of classification or shelving scheme Dewey Decimal Classification
Koha item type Books
Suppress in OPAC No
Holdings
Withdrawn status Lost status Source of classification or shelving scheme Damaged status Not for loan Collection Home library Current library Shelving location Date acquired Total Checkouts Full call number Barcode Date last seen Price effective from Koha item type
    Dewey Decimal Classification     Fiction Footprints International School Library Network Toul Kork Campus Footprints International School Library Network Toul Kork Campus A TK Campus, 4th Floor, Room B401, Fiction Bookcases (1-6) 01/25/2024   RIC 813.54 PS3568.I265 2024-0053 01/25/2024 01/25/2024 Books